000 00266nam a22001097a 4500
003 OSt
008 231025b |||||||| |||| 00| 0 eng d
041 _ahin
245 _aBharath ka ithihas bachom keliye
260 _aNew Delhi
_bSuchna Prasaran Manthralay
942 _cBK
999 _c17747
_d17747